Microsoft Visual Basic 6.0 : manual del programador.

Bibliographic Details
Main Author: España. Microsoft Corporation
Format: Section = Libro
Language:Undetermined
Spanish
Published: España McGraw-Hill 1998
Subjects:
0
LEADER 00639nam a2200229Ia 4500
008 240829s9999 xx 000 0 und d
020 |a 84-481-2062-0 
040 |a BIBLIOTECA-RUSB/ Ref 005.1 M626 
041 |a spa 
082 |a Ref 005.1 M626 
100 1 |a España. Microsoft Corporation 
245 1 0 |a Microsoft Visual Basic 6.0 : manual del programador. 
260 |a España  |b McGraw-Hill  |c 1998 
300 |a 921 p. :il. 
650 7 |a MANUAL DEL PROGRAMADOR 
650 7 |b  VISUAL BASIC 
650 7 |c 0 
650 7 |d  FUNDAMENTOS DE PROGRAMACION 
650 7 |e  PROGRAMAR CON COMPONENTES 
942 |c BK  |2 ddc 
991 |a TEXTO 
999 |c 5624